| 000 | 013210000a22002290004500 | ||
|---|---|---|---|
| 020 | _a978-84-254-2481- 6 | ||
| 041 | 0 | _aSPA | |
| 082 | 0 | 4 | _aG 291.1 P192m |
| 100 | 1 | _aPanikkar, Raimon | |
| 245 | 1 | 0 | _aMito, fe y hermenéutica / Raimon Panikkar ; Traducción de Germán Ancochea Soto |
| 260 | _aBarcelona, España : Herder | ||
| 300 | _a479 p. | ||
| 500 | _aTítulo original: Mito, Fede ed Ermeneutica | ||
| 501 | _arústico | ||
| 505 | 0 | 0 | _aI PARTE: El mito. La ley de la tolerancia -- Tolerancia, ideología y mito -- El mito de Prajapati. La culpa original -- ´Sunahsepa: un mito sobre la condición humana \ II PARTE: La fe. La fe como dimensión constitutiva -- Testimonio y diálogo -- El silencio y la palabra. La sonrisa de Buddha -- La experiencia suprema \ III PARTE: La hermenéutica. Metateología como teología fundamental -- La tradición filosófica -- El Dios del ser y el ser de Dios. Religión y ateísmo -- La ley del Karman y la dimensión histórica del hombre -- El sujeto de la infalibilidad. Solipsismo y verificación -- Hermenéutica de la libertad religiosa. |
| 650 | 1 | 4 | _aFE Y RAZON - MITOLOGIA \ REALIDAD \ HERMENEUTICA DE LA VIDA |
| 001 | 18199 | ||
| 942 | _cBK | ||
| 999 |
_c44669 _d44669 |
||
| 336 |
_atexto _btxt _2rdacontent |
||
| 337 |
_2rdamedia _asin mediación _bn |
||
| 338 |
_2rdacarrier _avolumen _bnc |
||